000 00833nam a22002297a 4500
999 _c9965
_d9965
003 AR-CdUCM
008 190329b ||||| |||| 00| 0 spa d
040 _aMUNICIPALIDAD PROVINCIAL DEL CUSCO
_cBIBLIOTECA MUNICIPAL DEL CUSCO
041 _heng
082 _23ed.
_a970.1 /
_bSC31 / 1921
100 _aScot-Eliot, W.
_926526
245 _aHistoria de los Atlantes :
_bbosquejo geográfico, histórico y etnográfico /
260 _aBarcelona :
_bTeosófica,
_c1921.
300 _aXII, 80 páginas ;
_c21 cm.
440 _aBiblioteca orientalista.
_926527
505 _aContenido: Bosquejo geográfico, Histórico y etnográfico.
650 _aAtlántida (Lugar legendario)
_926528
700 _aSinnet, A. P. (prefácio)
_926529
700 _aCliment Terrer, Federico (traducción)
_926530
942 _2ddc
_cLIBROS
945 _aachl